000 00806nam a2200277 i 4500
003 DO-SdBNP
005 20230825095337.0
006 a||||gr|||| 00| 0
007 ta
008 230815e1982 mx abc|| |||| 00| 0 spa d
020 _a0205032311
040 _aDO-SdBNP
_bspa
_cBNPHU
_erda
082 4 _a658.15
_bJ68a
_222
100 1 _aJohnson, W. Robert
_957343
_eautor
245 1 0 _aAdministración financiera /
_cRobert W. Johnson
264 _aMéxico :
_bContinental,
_c1982
300 _a723 páginas ;
_c24 cm.
336 _2rdacontent
_atexto
_btxt
337 _2rdamedia
_asin mediación
_btxt
338 _2rdacarrier
_avolumen
_bnc
590 _aInventariado 2023 / DG
650 4 _aAdministración financiera
_96342
650 4 _aCompañias
_xFinanzas
_984013
910 _aDG
942 _2ddc
_cLBS1
999 _c54529
_d54529